000
00299nam a2200133Ia 4500
005
20260328104326.0
008
260328s9999||||xx |||||||||||||| ||und||
100
_a
Ulmer, Renate
245
0
_a
Alfons Mucha /
_c
Renate Ulmer
260
_b
Taschen
300
_a
95 p.
650
_a
ARTE
942
_c
BK
999
_c
11547
_d
11547